|
|
|
|
| LEADER |
01613nam a2200445 a 4500 |
| 001 |
nkc20061661839 |
| 003 |
CZ PrNK |
| 005 |
20070516063913.0 |
| 007 |
ta |
| 008 |
060628s2006 xr a e f 000 0 cze |
| 015 |
|
|
|a cnb001661839
|
| 020 |
|
|
|a 80-239-7734-2
|q (v knize neuvedeno ;
|q brož.)
|
| 035 |
|
|
|a (OCoLC)85546822
|
| 040 |
|
|
|a ABA001
|b cze
|
| 043 |
|
|
|a e-xr---
|
| 072 |
|
7 |
|a 640.4
|x Hotelnictví. Stravování
|2 Konspekt
|9 19
|
| 080 |
|
|
|a 640.4
|2 MRF
|
| 080 |
|
|
|a 347.72
|2 MRF
|
| 080 |
|
|
|a 658.114
|2 MRF
|
| 080 |
|
|
|a (437.3)
|2 MRF
|
| 080 |
|
|
|a (035)
|2 MRF
|
| 245 |
0 |
0 |
|a Oborová příručka pro živnost hostinská činnost :
|b [poslední aktualizace 6.4.2006 /
|c autorsky zpracovali Dring Consulting, SOCR ČR a další]
|
| 260 |
|
|
|a [Praha] :
|b Hospodářská komora České republiky,
|c 2006
|
| 300 |
|
|
|a 32 s. ;
|c 30 cm
|
| 500 |
|
|
|a Název z obálky
|
| 500 |
|
|
|a Na obálce: InMP - Informační místo pro podnikatele
|
| 650 |
0 |
7 |
|a pohostinství
|7 ph115776
|2 czenas
|
| 650 |
0 |
7 |
|a podnikání
|7 ph115766
|z Česko
|2 czenas
|
| 650 |
0 |
9 |
|a catering
|2 eczenas
|
| 650 |
0 |
9 |
|a business
|z Czechia
|2 eczenas
|
| 655 |
|
7 |
|a příručky
|7 fd133209
|2 czenas
|
| 655 |
|
9 |
|a handbooks and manuals
|2 eczenas
|
| 710 |
2 |
|
|a Dring Consulting
|7 kn20060804024
|
| 710 |
2 |
|
|a Svaz obchodu a cestovního ruchu České republiky
|7 xx0016681
|
| 710 |
2 |
|
|a Informační místo pro podnikatele (projekt)
|7 kn20060804025
|
| 910 |
2 |
|
|a BOA001
|b 4-1186.161
|
| 990 |
|
|
|a BK
|
| 995 |
|
|
|a 01
|
| 991 |
|
|
|b 200705
|c NOV
|
| 996 |
6 |
|
|b 2610310735
|c 4-1186.161
|l MZK
|r Sklad / do 1 hodiny
|n 4
|p p.v.
|w 000847169
|u 000010
|a 1
|e BOA001
|j MZK50
|s P
|